<?xml version="1.0" encoding="UTF-8"?>
<record
    xmlns:xsi="http://www.w3.org/2001/XMLSchema-instance"
    xsi:schemaLocation="http://www.loc.gov/MARC21/slim http://www.loc.gov/standards/marcxml/schema/MARC21slim.xsd"
    xmlns="http://www.loc.gov/MARC21/slim">

  <leader>00360nam a22001577a 4500</leader>
  <controlfield tag="003">SGT</controlfield>
  <datafield tag="020" ind1=" " ind2=" ">
    <subfield code="a">9789394525023</subfield>
  </datafield>
  <datafield tag="082" ind1=" " ind2=" ">
    <subfield code="a">617.7</subfield>
    <subfield code="b">S23B</subfield>
  </datafield>
  <datafield tag="100" ind1=" " ind2=" ">
    <subfield code="a">BANSAL, UTSAV</subfield>
  </datafield>
  <datafield tag="245" ind1=" " ind2=" ">
    <subfield code="a">SOCH- SIMPLIFIED OPHTHALMOLOGY CONCEPTUAL HAND BOOK</subfield>
  </datafield>
  <datafield tag="250" ind1=" " ind2=" ">
    <subfield code="a">5TH</subfield>
  </datafield>
  <datafield tag="260" ind1=" " ind2=" ">
    <subfield code="a">INDIA </subfield>
    <subfield code="b">CBS PUB </subfield>
    <subfield code="c">2023</subfield>
  </datafield>
  <datafield tag="300" ind1=" " ind2=" ">
    <subfield code="a">498</subfield>
  </datafield>
  <datafield tag="650" ind1=" " ind2=" ">
    <subfield code="a">OPHTHALMOLOGY</subfield>
  </datafield>
  <datafield tag="942" ind1=" " ind2=" ">
    <subfield code="2">ddc</subfield>
    <subfield code="c">BK</subfield>
  </datafield>
  <datafield tag="952" ind1=" " ind2=" ">
    <subfield code="0">0</subfield>
    <subfield code="1">0</subfield>
    <subfield code="2">ddc</subfield>
    <subfield code="4">0</subfield>
    <subfield code="7">0</subfield>
    <subfield code="8">MEDICAL</subfield>
    <subfield code="a">FM</subfield>
    <subfield code="b">FM</subfield>
    <subfield code="c">TXT</subfield>
    <subfield code="d">2025-02-13</subfield>
    <subfield code="e">ABC DELHI</subfield>
    <subfield code="g">995.00</subfield>
    <subfield code="i">SGTU</subfield>
    <subfield code="l">0</subfield>
    <subfield code="o">617.7 S23B</subfield>
    <subfield code="p">FM14626</subfield>
    <subfield code="r">2025-03-27 00:00:00</subfield>
    <subfield code="w">2025-02-13</subfield>
    <subfield code="y">BK</subfield>
    <subfield code="k">20481</subfield>
  </datafield>
  <datafield tag="952" ind1=" " ind2=" ">
    <subfield code="0">0</subfield>
    <subfield code="1">0</subfield>
    <subfield code="2">ddc</subfield>
    <subfield code="4">0</subfield>
    <subfield code="7">0</subfield>
    <subfield code="8">MEDICAL</subfield>
    <subfield code="a">FM</subfield>
    <subfield code="b">FM</subfield>
    <subfield code="c">TXT</subfield>
    <subfield code="d">2025-02-13</subfield>
    <subfield code="e">ABC DELHI</subfield>
    <subfield code="g">995.00</subfield>
    <subfield code="i">SGTU</subfield>
    <subfield code="l">12</subfield>
    <subfield code="o">617.7 S23B</subfield>
    <subfield code="p">FM14627</subfield>
    <subfield code="r">2026-04-11 00:00:00</subfield>
    <subfield code="s">2026-03-27</subfield>
    <subfield code="w">2025-02-13</subfield>
    <subfield code="y">BK</subfield>
    <subfield code="k">20481</subfield>
  </datafield>
  <datafield tag="952" ind1=" " ind2=" ">
    <subfield code="0">0</subfield>
    <subfield code="1">0</subfield>
    <subfield code="2">ddc</subfield>
    <subfield code="4">0</subfield>
    <subfield code="7">0</subfield>
    <subfield code="8">MEDICAL</subfield>
    <subfield code="a">FM</subfield>
    <subfield code="b">FM</subfield>
    <subfield code="c">TXT</subfield>
    <subfield code="d">2025-02-13</subfield>
    <subfield code="e">ABC DELHI</subfield>
    <subfield code="g">995.00</subfield>
    <subfield code="i">SGTU</subfield>
    <subfield code="l">5</subfield>
    <subfield code="o">617.7 S23B</subfield>
    <subfield code="p">FM14628</subfield>
    <subfield code="r">2026-04-11 00:00:00</subfield>
    <subfield code="s">2026-03-24</subfield>
    <subfield code="w">2025-02-13</subfield>
    <subfield code="y">BK</subfield>
    <subfield code="k">20481</subfield>
  </datafield>
  <datafield tag="952" ind1=" " ind2=" ">
    <subfield code="0">0</subfield>
    <subfield code="1">0</subfield>
    <subfield code="2">ddc</subfield>
    <subfield code="4">0</subfield>
    <subfield code="7">0</subfield>
    <subfield code="8">MEDICAL</subfield>
    <subfield code="a">FM</subfield>
    <subfield code="b">FM</subfield>
    <subfield code="c">TXT</subfield>
    <subfield code="d">2025-02-13</subfield>
    <subfield code="e">ABC DELHI</subfield>
    <subfield code="g">995.00</subfield>
    <subfield code="i">SGTU</subfield>
    <subfield code="l">1</subfield>
    <subfield code="o">617.7 S23B</subfield>
    <subfield code="p">FM14629</subfield>
    <subfield code="r">2026-04-09 00:00:00</subfield>
    <subfield code="s">2026-04-09</subfield>
    <subfield code="w">2025-02-13</subfield>
    <subfield code="y">BK</subfield>
    <subfield code="k">20481</subfield>
  </datafield>
  <datafield tag="952" ind1=" " ind2=" ">
    <subfield code="0">0</subfield>
    <subfield code="1">0</subfield>
    <subfield code="2">ddc</subfield>
    <subfield code="4">0</subfield>
    <subfield code="7">0</subfield>
    <subfield code="8">MEDICAL</subfield>
    <subfield code="a">FM</subfield>
    <subfield code="b">FM</subfield>
    <subfield code="c">TXT</subfield>
    <subfield code="d">2025-02-13</subfield>
    <subfield code="e">ABC DELHI</subfield>
    <subfield code="g">995.00</subfield>
    <subfield code="i">SGTU</subfield>
    <subfield code="l">1</subfield>
    <subfield code="o">617.7 S23B</subfield>
    <subfield code="p">FM14630</subfield>
    <subfield code="r">2026-03-20 00:00:00</subfield>
    <subfield code="s">2026-03-13</subfield>
    <subfield code="w">2025-02-13</subfield>
    <subfield code="y">BK</subfield>
    <subfield code="k">20481</subfield>
  </datafield>
  <datafield tag="999" ind1=" " ind2=" ">
    <subfield code="c">30478</subfield>
    <subfield code="d">30478</subfield>
  </datafield>
</record>
